| 000 | 00358cam a2200145ua 4500 | ||
|---|---|---|---|
| 041 |
_aeng _h |
||
| 082 |
_a973 _bBUC/WH |
||
| 100 | _aBuchann, Thomas G . | ||
| 245 |
_aWho killed Kennedy? / _cThomas G Buchann. _hTextual Documents |
||
| 260 |
_aLondon : _bSecker & Warburg , _c1964. |
||
| 300 | _a192 ; . | ||
| 504 | _a | ||
| 942 | _cBK | ||
| 999 |
_c6352 _d6352 |
||